Next year for sure

Bibliographic Details
Main Author: Peterson, Zoey Leight
Format: Book
Published: New York : Scribner , 2017
Subjects:

MARC

LEADER 00000cam a2200000 7i4500
001 0000216310
005 20170915.0
020 |a 9781501145858 
090 0 0 |a F   |b PET 
100 1 |a Peterson, Zoey Leight 
245 1 0 |a Next year for sure   |c Zoey Leigh Peterson 
260 |a New York :   |b Scribner ,   |c 2017 
300 |a 244p. ;   |c 23cm. 
650 0 0 |a Fiction 
999 |a 00346282   |b BUKU   |c PINJAMAN   |e PERPUSTAKAAN KOMUNITI PETALING JAYA